| 000 | 00345nam a2200109Ia 4500 | ||
|---|---|---|---|
| 008 | 171204s9999 xx 000 0 und d | ||
| 245 | _aCrowdfunding: A Guide to Raising Capital on the Internet: | ||
| 245 | _cSteven Dresner | ||
| 260 | _c2014 | ||
| 650 | _xCAPITAL AND SECURITIES MARKET | ||
| 856 | _uhttp://down.ebook777.com/026/9781118492970.pdf | ||
| 999 |
_c345677 _d345677 |
||